000 00405nam a22001457a 4500
082 _aP-449 C
100 _aM Zeeshan
_948293
245 _aLife slab and tilt up wall panel for medium height buildings
_cM Zeeshan, Hasna Hameed
260 _aRisalpur
_bMCE
_c2010
300 _a118 P.:
526 _a0
_b0
_c0
_dP_449_C
650 _aProject
700 _aAsst Prof Zahid Tauqeir
_948294
942 _2ddc
_cBK
999 _c551284
_d551284